01089nam a22001697a 4500999001700000020001800017082001700035100002100052100002000073245006600093260004200159300001500201520053600216650003600752942001200788952011900800 c27408d27408 a9789386213419 bBHA-a305.42 aBhargava, Mahesh aPandey, Ranjana aGender, school and society /cMahesh Bhargava, Ranjana Pandey aAgrabRakhi Prakashan Pvt. Ltd.c2017 axvi, 270p. aThis book provides a broad and thorough introduction of gender issues in India. It is intended primarily as a core text for use in courses in universities, colleges and tertiary-level educational institutions. It presents a systematic description of the gender issues and other aspects, which will serve as a foundation for students or anyone setting out on a career as a teacher or educator. For the purposes of this book, the gender discrimination encompasses all aspects of gender issues, from the gender inequality to violence. aEducationxGender issueszIndia 2ddccBK 00104070aNASSDOCbNASSDOCd2022-02-14eGRATISg0.00l0o305.42 BHA-p52069r2022-03-07 00:00:00w2022-03-07yBK